A qui appartient cette mascotte? (édition métal) - Statistiques

Statistiques générales
  • Ce quiz a été pris 101 fois
  • Le résultat moyen est 8 sur 16
Statistiques - réponses
Par images Réponse % Correct
Iron Maiden
99%
Motörhead
84%
Megadeth
76%
Helloween
74%
Disturbed
66%
Dio
62%
Manowar
56%
Five Finger Death Punch
47%
Children of Bodom
45%
Kreator
44%
Anthrax
41%
Quiet Riot
33%
Sodom
33%
Destruction
19%
Overkill
19%
Iced earth
8%
Aucun quiz correspondant
Distribution des résultats
% des personnes avec chaque résultat
Percentile par nombre de réponses
Votre historique - résultats
Vous n’avez pas pris ce quiz